[Event "Chinese Chess League 2019"]
[Site "Shen Yang"]
[Date "2019.11.23"]
[Round "18.9"]
[White "Li, Yunshan"]
[Black "Dzagnidze, Nana"]
[Result "1/2-1/2"]
[WhiteElo "2287"]
[BlackElo "2502"]
[Annotator "ChessBase"]
[PlyCount "149"]
[EventDate "2019.04.09"]
[EventType "team-tourn"]
[EventCountry "CHN"]
[SourceTitle "playchess.com"]
[Source "ChessBase"]
[SourceQuality "1"]
[TimeControl "5400+30"]

1. d4 {[%emt 0:00:00]} e6 {[%emt 0:00:00]} 2. c4 {[%emt 0:00:00]} f5 {[%emt 0:00:00]} 3. g3 {[%emt 0:01:05]} Nf6 {[%emt 0:00:00]} 4. Bg2 {[%emt 0:00:08]} Bb4+ {[%emt 0:00:00]} 5. Bd2 {[%emt 0:02:43]} Qe7 {[%emt 0:00:05]} 6. Nf3 {[%emt 0:00:57]} O-O {[%emt 0:01:16]} 7. O-O {[%emt 0:01:29]} Bxd2 {[%emt 0:00:06]} 8. Qxd2 {[%emt 0:03:36]} Ne4 {[%emt 0:03:20]} 9. Qd3 {[%emt 0:02:10]} d6 {[%emt 0:01:47]} 10. e3 {[%emt 0:13:09]} Nd7 {[%emt 0:03:09]} 11. Nc3 {[%emt 0:03:01]} Ndf6 {[%emt 0:16:11]} 12. Nd2 {[%emt 0:02:15]} Nxc3 {[%emt 0:00:39]} 13. Qxc3 {[%emt 0:00:44]} e5 {[%emt 0:00:41]} 14. c5 {[%emt 0:03:32]} e4 {[%emt 0:13:22]} 15. cxd6 {[%emt 0:01:49]} cxd6 {[%emt 0:00:07]} 16. Rfc1 {[%emt 0:00:55]} Be6 {[%emt 0:06:18]} 17. Qc7 {[%emt 0:05:35]} Qxc7 {[%emt 0:02:07]} 18. Rxc7 {[%emt 0:00:11]} Rfc8 {[%emt 0:00:06]} 19. Rac1 {[%emt 0:05:34]} Rxc7 {[%emt 0:16:18]} 20. Rxc7 {[%emt 0:00:01]} Rc8 {[%emt 0:00:06]} 21. Rxc8+ {[%emt 0:02:09]} Bxc8 {[%emt 0:00:03]} 22. f3 {[%emt 0:06:19]} d5 {[%emt 0:03:44]} 23. h3 {[%emt 0:03:09]} Kf8 {[%emt 0:02:12]} 24. f4 {[%emt 0:03:00]} Ke7 {[%emt 0:00:28]} 25. Kf2 {[%emt 0:00:16]} Bd7 {[%emt 0:01:27]} 26. Bf1 {[%emt 0:00:58]} h6 {[%emt 0:00:10]} 27. Be2 {[%emt 0:00:42]} Kd6 {[%emt 0:01:01]} 28. Ke1 {[%emt 0:00:45]} Ba4 {[%emt 0:00:27]} 29. b3 {[%emt 0:05:17]} Be8 {[%emt 0:00:27]} 30. Nf1 {[%emt 0:05:52]} Kc6 {[%emt 0:01:54]} 31. Kd2 {[%emt 0:06:01]} Bd7 {[%emt 0:01:40]} 32. Kc3 {[%emt 0:00:26]} g6 {[%emt 0:00:11]} 33. Kb4 {[%emt 0:01:58]} Kb6 {[%emt 0:00:18]} 34. a4 {[%emt 0:01:46]} Kc7 {[%emt 0:00:05]} 35. Nd2 {[%emt 0:00:48]} Kd6 {[%emt 0:03:23]} 36. Kc3 {[%emt 0:01:01]} g5 {[%emt 0:00:56]} 37. Nf1 {[%emt 0:01:27]} Kc7 {[%emt 0:02:10]} 38. Kb4 {[%emt 0:01:28]} Kd6 {[%emt 0:00:27]} 39. Kc3 {[%emt 0:00:26]} Be8 {[%emt 0:00:12]} 40. Kb4 {[%emt 0:01:37]} Kc7 {[%emt 0:03:47]} 41. Bd1 {[%emt 0:01:57]} Kb6 {[%emt 0:01:32]} 42. a5+ {[%emt 0:01:38]} Kc6 {[%emt 0:00:06]} 43. Be2 {[%emt 0:00:39]} Kd6 {[%emt 0:00:01]} 44. Bd1 {[%emt 0:00:34]} Ng8 {[%emt 0:01:42]} 45. Be2 {[%emt 0:00:56]} Ne7 {[%emt 0:00:30]} 46. Kc3 {[%emt 0:00:55]} a6 {[%emt 0:01:57]} 47. b4 {[%emt 0:01:36]} Ng8 {[%emt 0:00:07]} 48. g4 {[%emt 0:04:23]} Bd7 {[%emt 0:00:25]} 49. Nh2 {[%emt 0:02:33]} gxf4 {[%emt 0:03:38]} 50. exf4 {[%emt 0:00:07]} Ne7 {[%emt 0:00:04]} 51. Kd2 {[%emt 0:00:31]} Nc6 {[%emt 0:00:16]} 52. Kc3 {[%emt 0:00:14]} Ne7 {[%emt 0:01:23]} 53. Kd2 {[%emt 0:00:17]} Ke6 {[%emt 0:05:47]} 54. Nf1 {[%emt 0:00:32]} Kf6 {[%emt 0:01:09]} 55. Ne3 {[%emt 0:01:39]} Bc6 {[%emt 0:00:14]} 56. Nd1 {[%emt 0:00:32]} Nc8 {[%emt 0:02:08]} 57. Nc3 {[%emt 0:00:36]} Nd6 {[%emt 0:01:14]} 58. Ke3 {[%emt 0:00:39]} fxg4 {[%emt 0:00:13]} 59. hxg4 {[%emt 0:01:36]} h5 {[%emt 0:00:01]} 60. Kf2 {[%emt 0:00:52]} hxg4 {[%emt 0:00:54]} 61. Bxg4 {[%emt 0:00:07]} Nc4 {[%emt 0:00:39]} 62. Nd1 {[%emt 0:01:10]} Na3 {[%emt 0:01:24]} 63. Ne3 {[%emt 0:00:20]} Nb5 {[%emt 0:00:06]} 64. Nc2 {[%emt 0:00:19]} Be8 {[%emt 0:00:37]} 65. Ke3 {[%emt 0:01:34]} Bf7 {[%emt 0:01:15]} 66. Kd2 {[%emt 0:01:02]} Be6 {[%emt 0:00:23]} 67. Be2 {[%emt 0:00:13]} Nc7 {[%emt 0:03:38]} 68. Ne3 {[%emt 0:00:23]} Bd7 {[%emt 0:00:01]} 69. Bd1 {[%emt 0:00:32]} Ke7 {[%emt 0:00:04]} 70. Bb3 {[%emt 0:00:48]} Kd6 {[%emt 0:00:01]} 71. f5 {[%emt 0:00:30]} Bc6 {[%emt 0:00:07]} 72. Ng4 {[%emt 0:00:56]} Bd7 {[%emt 0:01:15]} 73. Ne3 {[%emt 0:00:15]} Bb5 {[%emt 0:01:09]} 74. Ng4 {[%emt 0:01:11]} Bd7 {[%emt 0:00:26]} 75. Ne3 {[%emt 0:12:23] Ke5 Ng4+} 1/2-1/2

[Event "Chinese Chess League 2019"]
[Site "Shen Yang"]
[Date "2019.11.23"]
[Round "18.10"]
[White "Lagno, Kateryna"]
[Black "Li, Xueyi"]
[Result "1/2-1/2"]
[WhiteElo "2549"]
[BlackElo "2270"]
[Annotator "ChessBase"]
[PlyCount "86"]
[EventDate "2019.04.09"]
[EventType "team-tourn"]
[EventCountry "CHN"]
[SourceTitle "playchess.com"]
[Source "ChessBase"]
[SourceQuality "1"]
[TimeControl "5400+30"]

1. e4 {[%emt 0:00:00]} c6 {[%emt 0:00:00]} 2. d4 {[%emt 0:00:00]} d5 {[%emt 0:00:00]} 3. Nd2 {[%emt 0:00:00]} dxe4 {[%emt 0:00:30]} 4. Nxe4 {[%emt 0:00:00]} Nf6 {[%emt 0:00:03]} 5. Nxf6+ {[%emt 0:00:08]} exf6 {[%emt 0:00:06]} 6. c3 {[%emt 0:00:12]} Bd6 {[%emt 0:00:30]} 7. Bd3 {[%emt 0:00:06]} O-O {[%emt 0:00:18]} 8. Qc2 {[%emt 0:00:07]} Re8+ {[%emt 0:00:43]} 9. Ne2 {[%emt 0:00:06]} h5 {[%emt 0:00:35]} 10. O-O {[%emt 0:00:12]} h4 {[%emt 0:02:43]} 11. h3 {[%emt 0:00:08]} Nd7 {[%emt 0:00:14]} 12. Be3 {[%emt 0:01:29]} Nf8 {[%emt 0:01:15]} 13. c4 {[%emt 0:00:56]} Bc7 {[%emt 0:03:04]} 14. Rfe1 {[%emt 0:01:15]} Qd6 {[%emt 0:06:28]} 15. Nf4 {[%emt 0:01:26]} Qd8 {[%emt 0:08:10]} 16. Rad1 {[%emt 0:10:03]} Bd7 {[%emt 0:06:17]} 17. d5 {[%emt 0:06:22]} Bxf4 {[%emt 0:05:35]} 18. Bxf4 {[%emt 0:00:12]} Rxe1+ {[%emt 0:00:06]} 19. Rxe1 {[%emt 0:00:04]} cxd5 {[%emt 0:00:13]} 20. cxd5 {[%emt 0:00:11]} Qa5 {[%emt 0:00:15]} 21. Qd2 {[%emt 0:22:15]} Qxa2 {[%emt 0:04:36]} 22. Bd6 {[%emt 0:01:04]} Qb3 {[%emt 0:08:13]} 23. Bb4 {[%emt 0:21:29]} f5 {[%emt 0:17:03]} 24. Bb1 {[%emt 0:10:35]} Ng6 {[%emt 0:05:51]} 25. Qd4 {[%emt 0:07:35]} Qa4 {[%emt 0:01:04]} 26. Qc5 {[%emt 0:00:53]} a5 {[%emt 0:10:26]} 27. Bc3 {[%emt 0:00:07]} Qf4 {[%emt 0:00:29]} 28. d6 {[%emt 0:09:09]} Qg5 {[%emt 0:01:11]} 29. Be4 {[%emt 0:00:20]} Nf4 {[%emt 0:02:38]} 30. Bxb7 {[%emt 0:01:05]} Rc8 {[%emt 0:06:00]} 31. Qe3 {[%emt 0:01:07]} Rb8 {[%emt 0:03:24]} 32. Bf3 {[%emt 0:02:54]} Nxh3+ {[%emt 0:03:58]} 33. Kh2 {[%emt 0:00:18]} Qxe3 {[%emt 0:00:36]} 34. Rxe3 {[%emt 0:00:04]} Ng5 {[%emt 0:00:17]} 35. Re7 {[%emt 0:01:50]} Nxf3+ {[%emt 0:02:47]} 36. gxf3 {[%emt 0:00:01]} Rb7 {[%emt 0:01:04]} 37. Bxa5 {[%emt 0:00:07]} g5 {[%emt 0:00:11]} 38. b4 {[%emt 0:01:30]} g4 {[%emt 0:00:37]} 39. fxg4 {[%emt 0:00:04]} fxg4 {[%emt 0:00:04]} 40. Rxd7 {[%emt 0:02:10]} Rxd7 {[%emt 0:00:29]} 41. Bc7 {[%emt 0:00:01]} Kf8 {[%emt 0:00:10]} 42. b5 {[%emt 0:00:01]} Ke8 {[%emt 0:00:10]} 43. b6 {[%emt 0:00:08]} Rxc7 {[%emt 0:00:07]} 1/2-1/2

[Event "Chinese Chess League 2019"]
[Site "Shen Yang"]
[Date "2019.11.23"]
[Round "18.11"]
[White "Nie, Xinyang"]
[Black "Zvjaginsev, Vadim"]
[Result "0-1"]
[WhiteElo "2351"]
[BlackElo "2626"]
[Annotator "ChessBase"]
[PlyCount "116"]
[EventDate "2019.04.09"]
[EventType "team-tourn"]
[EventCountry "CHN"]
[SourceTitle "playchess.com"]
[Source "ChessBase"]
[SourceQuality "1"]
[TimeControl "5400+30"]

1. d4 {[%emt 0:00:00]} d5 {[%emt 0:00:02]} 2. c4 {[%emt 0:00:00]} e6 {[%emt 0:00:07]} 3. Nc3 {[%emt 0:00:00]} Nf6 {[%emt 0:00:10]} 4. Bg5 {[%emt 0:00:01]} Be7 {[%emt 0:00:19]} 5. e3 {[%emt 0:00:19]} O-O {[%emt 0:00:13]} 6. Rc1 {[%emt 0:01:29]} h6 {[%emt 0:01:07]} 7. Bxf6 {[%emt 0:00:06]} Bxf6 {[%emt 0:00:04]} 8. Nf3 {[%emt 0:00:09]} a6 {[%emt 0:00:07]} 9. Bd3 {[%emt 0:07:45]} dxc4 {[%emt 0:01:55]} 10. Bxc4 {[%emt 0:00:04]} Nd7 {[%emt 0:00:30]} 11. O-O {[%emt 0:07:40]} b5 {[%emt 0:04:05]} 12. Be2 {[%emt 0:02:31]} Bb7 {[%emt 0:00:44]} 13. b4 {[%emt 0:06:14]} e5 {[%emt 0:00:33]} 14. d5 {[%emt 0:30:17]} Nb6 {[%emt 0:02:13]} 15. e4 {[%emt 0:01:32]} c6 {[%emt 0:02:31]} 16. dxc6 {[%emt 0:02:08]} Bxc6 {[%emt 0:00:07]} 17. Qb3 {[%emt 0:01:08]} Qe7 {[%emt 0:05:13]} 18. Qb1 {[%emt 0:07:49]} Qb7 {[%emt 0:06:58]} 19. Nd2 {[%emt 0:05:01]} Bg5 {[%emt 0:03:17]} 20. Rcd1 {[%emt 0:00:05]} Na4 {[%emt 0:04:06]} 21. Nxa4 {[%emt 0:03:26]} bxa4 {[%emt 0:00:32]} 22. Bd3 {[%emt 0:01:03]} Rfb8 {[%emt 0:06:01]} 23. Nc4 {[%emt 0:13:41]} Qxb4 {[%emt 0:00:24]} 24. Qxb4 {[%emt 0:00:32]} Rxb4 {[%emt 0:00:06]} 25. Nxe5 {[%emt 0:00:02]} Bxe4 {[%emt 0:01:44]} 26. Bc4 {[%emt 0:00:03]} Bf6 {[%emt 0:11:55]} 27. Rd4 {[%emt 0:04:33]} Bg6 {[%emt 0:00:59]} 28. f4 {[%emt 0:01:09]} Rab8 {[%emt 0:04:34]} 29. Rfd1 {[%emt 0:00:51]} Rb1 {[%emt 0:06:12]} 30. R4d2 {[%emt 0:01:37]} Bxe5 {[%emt 0:03:18]} 31. fxe5 {[%emt 0:00:03]} a5 {[%emt 0:00:31]} 32. Rxb1 {[%emt 0:00:41]} Rxb1+ {[%emt 0:00:07]} 33. Kf2 {[%emt 0:00:03]} Rb4 {[%emt 0:05:45]} 34. Rd8+ {[%emt 0:03:26]} Kh7 {[%emt 0:00:06]} 35. Rd4 {[%emt 0:00:28]} Bf5 {[%emt 0:06:33]} 36. Ke3 {[%emt 0:01:25]} Be6 {[%emt 0:00:26]} 37. Bxe6 {[%emt 0:00:32]} fxe6 {[%emt 0:00:04]} 38. Rd6 {[%emt 0:00:27]} Rb2 {[%emt 0:00:59]} 39. Ra6 {[%emt 0:00:37]} Rxg2 {[%emt 0:00:25]} 40. h4 {[%emt 0:00:11]} Rxa2 {[%emt 0:01:01]} 41. Rxa5 {[%emt 0:00:29]} Kg6 {[%emt 0:01:28]} 42. Ra7 {[%emt 0:00:35]} a3 {[%emt 0:01:57]} 43. Kf4 {[%emt 0:00:24]} Ra1 {[%emt 0:01:15]} 44. Kg3 {[%emt 0:00:26]} Kh5 {[%emt 0:01:59]} 45. Ra4 {[%emt 0:00:22]} a2 {[%emt 0:01:24]} 46. Kg2 {[%emt 0:00:03]} g5 {[%emt 0:03:15]} 47. hxg5 {[%emt 0:00:09]} Kxg5 {[%emt 0:00:04]} 48. Ra5 {[%emt 0:00:14]} Kf5 {[%emt 0:00:05]} 49. Kh2 {[%emt 0:00:04]} h5 {[%emt 0:00:04]} 50. Kg2 {[%emt 0:00:09]} h4 {[%emt 0:00:06]} 51. Kh2 {[%emt 0:00:19]} h3 {[%emt 0:00:06]} 52. Ra8 {[%emt 0:00:13]} Kxe5 {[%emt 0:00:06]} 53. Ra5+ {[%emt 0:00:07]} Kf6 {[%emt 0:00:18]} 54. Ra6 {[%emt 0:00:03]} Kf5 {[%emt 0:00:10]} 55. Ra5+ {[%emt 0:00:06]} e5 {[%emt 0:00:07]} 56. Ra8 {[%emt 0:00:16]} e4 {[%emt 0:00:11]} 57. Rf8+ {[%emt 0:00:05]} Kg6 {[%emt 0:00:14]} 58. Rf2 {[%emt 0:00:41]} Rh1+ {[%emt 0:00:17]} 0-1

[Event "Chinese Chess League 2019"]
[Site "Shen Yang"]
[Date "2019.11.23"]
[Round "18.12"]
[White "Peng, Xiongjian"]
[Black "Xu, Minghui"]
[Result "1-0"]
[WhiteElo "2486"]
[BlackElo "2403"]
[Annotator "TA"]
[PlyCount "45"]
[EventDate "2019.04.09"]
[EventType "team-tourn"]
[EventCountry "CHN"]
[SourceTitle "playchess.com"]
[Source "ChessBase"]
[SourceQuality "1"]

{[%evp 18,63,-17,-4,-6,-25,-14,-39,-6,-18,0,0,0,0,0,0,0,0,0,0,31,30,42,27,50,42,49,43,35,8,95,79,87,77,127,110,118,103,88,78,70,0,60,61,654,616,527,525]} 1. e4 e5 2. Nf3 Nc6 3. Bb5 a6 4. Bxc6 dxc6 5. O-O Bg4 6. h3 h5 7. d3 Qf6 8. Be3 Bxf3 9. Qxf3 Qxf3 10. gxf3 Ne7 {C68: Ruy Lopez: Exchange Variation, sidelines} (10... Bd6 11. Nd2 Ne7 12. Rfd1 Ng6 13. Kf1 Nf8 14. Nb3 Ne6 15. d4 exd4 16. Nxd4 Nxd4 17. Rxd4 Bc5 18. Rd3 Bxe3 19. fxe3 Rd8 {1-0 (68) Meier,G (2622)-Ganguly,S (2615) Germany 2019}) 11. Rd1 Ng6 $146 ({Predecessor:} 11... O-O-O 12. Nd2 Ng6 13. Kf1 Be7 14. Ke2 Bf6 15. a4 Nf8 16. b4 Ne6 17. c3 Bg5 18. Nb3 {½-½ (37) Zapata,A (2485)-Denny,K (2303) Bridgetown 2012}) 12. Kf1 a5 {Black is slightly better.} 13. Nd2 f6 14. a4 c5 15. c3 b6 16. Rac1 O-O-O 17. Nb3 Bd6 18. Ke2 Ne7 19. d4 cxd4 20. cxd4 Kb7 21. dxe5 Bxe5 22. f4 Bxb2 23. Rxd8 {Played: Nb3xa5} 1-0

[Event "Chinese Chess League 2019"]
[Site "Shen Yang"]
[Date "2019.11.23"]
[Round "18.13"]
[White "Tomashevsky, Evgeny"]
[Black "Lu, Shanglei"]
[Result "1/2-1/2"]
[WhiteElo "2712"]
[BlackElo "2611"]
[Annotator "TA"]
[PlyCount "66"]
[EventDate "2019.04.09"]
[EventType "team-tourn"]
[EventCountry "CHN"]
[SourceTitle "playchess.com"]
[Source "ChessBase"]
[SourceQuality "1"]

{[%evp 23,66,20,21,20,28,29,30,31,31,23,33,24,27,24,40,25,27,23,23,22,22,28,26,22,32,16,33,24,39,13,18,17,17,0,18,0,22,7,16,7,29,6,6,6,16]} 1. c4 e6 2. Nc3 d5 3. d4 Nf6 4. Bg5 Nbd7 5. e3 h6 6. Bh4 Be7 7. Nf3 O-O 8. Qc2 c5 9. dxc5 Nxc5 10. cxd5 Nxd5 11. Bxe7 Qxe7 12. Nxd5 exd5 13. Be2 {D61: Queen's Gambit Declined: Classical: 7 Qc2} Be6 (13... Bg4 14. O-O Ne6 15. Rfd1 Rac8 16. Qd2 Rfd8 17. Nd4 Bxe2 18. Qxe2 Rc4 19. Nxe6 fxe6 20. Rac1 Rdc8 21. Rxc4 Rxc4 {½-½ (41) Vitiugov,N (2734)-Hou,Y (2658) Belokurikha 2018}) 14. O-O {[#]} Rac8 $146 ({Predecessor:} 14... Rfc8 15. Nd4 Ne4 16. Qd3 Qb4 17. Qb5 Qxb5 18. Bxb5 Rc5 19. Rfc1 {1-0 (60) Izeta Txabarri,F (2460)-Ubilava,E (2535) Elgoibar 1994}) 15. Nd4 {White has an edge.} Ne4 16. Qd3 Qb4 17. Qb5 Qxb5 18. Bxb5 Rc5 19. Rfc1 Rfc8 20. Rxc5 Rxc5 21. Bd3 Kf8 22. f3 Nd6 23. b3 Ke7 24. Kf2 Bd7 25. h4 a5 26. Ke1 Bb5 27. Bc2 Bd7 28. Bd3 Bb5 29. Bc2 Bd7 30. a4 Nc8 31. Kd2 Na7 32. Bd3 Nc6 33. Re1 Kd6 {Accuracy: White = 56%, Black = 47%.} 1/2-1/2

[Event "Chinese Chess League 2019"]
[Site "Shen Yang"]
[Date "2019.11.23"]
[Round "18.14"]
[White "Ding, Yixin"]
[Black "Huang, Qian"]
[Result "1/2-1/2"]
[WhiteElo "2438"]
[BlackElo "2427"]
[Annotator "TA"]
[PlyCount "63"]
[EventDate "2019.04.09"]
[EventType "team-tourn"]
[EventCountry "CHN"]
[SourceTitle "playchess.com"]
[Source "ChessBase"]
[SourceQuality "1"]

{[%evp 11,63,11,15,12,12,25,19,15,25,14,10,24,20,18,32,22,27,26,28,22,24,9,13,13,17,16,15,17,20,-9,11,0,0,0,0,0,0,0,0,0,0,0,0,0,0,0,0,0,0,0,0,0,0,0]} 1. e4 c5 2. Nf3 d6 3. d4 cxd4 4. Qxd4 Nc6 5. Bb5 Bd7 6. Qd3 g6 7. O-O $146 {B53: Sicilian: 2...d6: Lines with Qxd4} ({Predecessor:} 7. c4 Bg7 {½-½ (28) Alekseev,E (2642)-Wojtaszek,R (2734) Berlin 2015}) 7... Bg7 8. c4 Nf6 9. Nc3 O-O 10. h3 a6 11. Bxc6 Bxc6 12. Nd4 Nd7 13. Be3 Rc8 (13... Nc5 14. Qc2 Ne6 {½-½ (31) Ding,Y (2423)-Huang,Q (2444) Wuxi 2017}) 14. Rac1 Nc5 15. Qc2 Ne6 16. Qd2 Nxd4 {The position is equal.} 17. Bxd4 Bxd4 18. Qxd4 Qa5 19. Rfe1 Rc7 20. e5 dxe5 21. Rxe5 Rd7 22. Qxd7 Qxe5 23. Qd2 Qc5 24. Nd5 (24. Ne2 {seems wilder.} e5 25. b3 Rc8 26. Rd1 Kg7 27. Ng3) 24... Bxd5 25. Qxd5 Qxd5 26. cxd5 $11 {[%mdl 4096] Endgame KR-KR} Rd8 27. Rc7 b5 28. Rxe7 Rxd5 29. Ra7 Rd1+ 30. Kh2 Rd2 31. Kg3 Rxb2 32. Rxa6 {Accuracy: White = 84%, Black = 83%.} 1/2-1/2

[Event "Chinese Chess League 2019"]
[Site "Shen Yang"]
[Date "2019.11.23"]
[Round "18.15"]
[White "Zhu, Jiner"]
[Black "Javakhishvili, Lela"]
[Result "1/2-1/2"]
[WhiteElo "2468"]
[BlackElo "2457"]
[Annotator "TA"]
[PlyCount "85"]
[EventDate "2019.04.09"]
[EventType "team-tourn"]
[EventCountry "CHN"]
[SourceTitle "playchess.com"]
[Source "ChessBase"]
[SourceQuality "1"]

{[%evp 19,85,36,19,23,10,0,0,-2,-11,-16,-6,-8,-12,-28,-18,-18,-10,-50,-49,-37,-24,-24,-21,-28,-25,-22,-22,-35,-34,-21,-20,-26,0,0,0,0,0,0,0,0,42,42,49,51,79,52,51,52,48,47,56,54,60,60,72,0,0,0,0,0,0,0,0,0,0,0,0,0]} 1. e4 d6 2. d4 Nf6 3. Nc3 g6 4. Nf3 c6 5. a4 Bg7 6. Be2 O-O 7. O-O Qc7 8. h3 e5 9. dxe5 dxe5 10. Be3 Nh5 11. a5 {B08: Pirc Defence: Classical System} (11. Bc4 Nf4 12. Qb1 Qe7 13. Kh2 Qf6 14. Ng1 h5 15. b4 Nd7 16. a5 Re8 17. b5 Bf8 18. a6 Nc5 {0-1 (40) Jurcik,M (2473)-Matlakov,M (2707) Batumi 2018}) 11... Nf4 12. Bc4 Be6 13. Nd2 Nd7 $146 ({Predecessor:} 13... Qe7 14. Re1 Bxc4 15. Nxc4 {0-1 (47) Situru,N (2415)-Delchev,A (2490) Moscow 1994}) 14. b4 b5 15. axb6 axb6 16. Qb1 b5 {[#] ...Rxa1 is the strong threat.} 17. Bxe6 Nxe6 18. Nb3 Rxa1 19. Qxa1 Nd4 20. Qd1 {[%cal Rb3d4]} Rd8 21. Nxd4 exd4 22. Bxd4 Nf8 23. Ne2 Ne6 24. c3 Nxd4 25. Nxd4 Bxd4 26. cxd4 $11 {[%mdl 4096] Endgame KQR-KQR} Qd6 27. Qc2 Qxb4 28. Qxc6 Qxd4 29. Rb1 b4 30. Qb7 Re8 31. Rxb4 Qd1+ 32. Kh2 Qd2 33. Qb6 Qf4+ 34. g3 Qf3 35. Qd4 h5 36. h4 Kh7 {[#]} 37. Rc4 ({White should play} 37. Kg1 $1 $16) 37... Rd8 $1 {[%cal Rd8d4] The position is equal.} 38. Rc3 Qxg3+ $1 39. Kxg3 Rxd4 40. f3 Kg7 41. Rc6 Ra4 42. Rb6 Rc4 43. Ra6 {Accuracy: White = 69%, Black = 83%.} 1/2-1/2

[Event "Chinese Chess League 2019"]
[Site "Shen Yang"]
[Date "2019.11.23"]
[Round "18.16"]
[White "Andreikin, Dmitry"]
[Black "Wang, Yiye"]
[Result "1/2-1/2"]
[WhiteElo "2733"]
[BlackElo "2439"]
[Annotator "TA"]
[PlyCount "176"]
[EventDate "2019.04.09"]
[EventType "team-tourn"]
[EventCountry "CHN"]
[SourceTitle "playchess.com"]
[Source "ChessBase"]
[SourceQuality "1"]

{[%evp 9,176,12,45,43,47,43,45,48,52,48,47,40,60,44,41,0,42,45,29,28,20,20,18,25,31,27,19,18,35,25,24,25,25,25,28,38,54,25,68,68,78,12,106,100,105,101,108,116,123,122,116,93,117,117,114,39,80,80,83,80,80,80,168,83,83,83,92,88,92,68,92,70,109,92,128,128,115,115,128,53,92,92,92,92,92,76,76,76,76,76,76,76,76,76,76,0,0,0,76,69,69,69,69,69,69,69,76,69,76,76,76,69,76,69,76,69,69,69,69,69,76,0,76,76,76,69,69,69,76,69,69,69,76,76,76,76,76,76,76,76,76,76,76,76,76,76,76,8,8,8,8,0,0,0,8,0,0,0,0,0,0,0,0,0,0,0,0,0,0]} 1. d4 Nf6 2. c4 e6 3. Nf3 b6 4. g3 Bb7 5. Bg2 g6 6. Nc3 {E16: Queen's Indian: 4 g3 Bb7 5 Bg2 Bb4+} Bg7 7. d5 O-O 8. O-O {White is slightly better.} exd5 9. cxd5 Re8 10. Nd4 (10. Bf4 Na6 11. Rc1 Ne4 12. Nxe4 Rxe4 13. d6 c6 14. Qd2 Qf6 15. b3 Rae8 {0-1 (56) Wang,Y (2684)-Mamedyarov,S (2817) chess.com INT 2019}) 10... Na6 11. Bf4 Nh5 12. Bc1 Nf6 13. Ndb5 Nc5 14. d6 cxd6 $1 {[#]} 15. Bxb7 $146 ({Predecessor:} 15. Nxd6 Bxg2 16. Nxe8 Bxf1 17. Nxf6+ Qxf6 18. Kxf1 {0-1 (38) Burmakin,V (2585)-Sagar,S (2436) Lille 2015}) 15... Nxb7 16. Bg5 a6 17. Nxd6 Nxd6 18. Qxd6 Re6 19. Qd3 h6 20. Bxf6 Bxf6 21. Rac1 Bxc3 22. Rxc3 Qe7 23. e3 Rc6 24. Rd1 Qe6 25. a4 (25. Qxd7 $16 Qxd7 26. Rxd7 Rxc3 27. bxc3) 25... Qf6 (25... a5 $1 $11 {keeps the balance.}) 26. Qxd7 $16 Rxc3 27. bxc3 Qxc3 {[%mdl 4096] Endgame KQR-KQR} 28. Qb7 Re8 29. Qxb6 Re6 30. Qd4 Qc6 31. Rb1 Kh7 32. a5 ({White should play} 32. Rb8 $16 {[%csl Gb8][%cal Rd4h8]} Qc1+ 33. Kg2 Qc6+ 34. Kh3) 32... Re4 33. Qa7 Qd5 34. Rb7 Kg7 35. Rd7 Qa2 (35... Qe6 $16) 36. Qxa6 (36. Qc5 $18 Qa1+ 37. Kg2) 36... Re6 37. Qd3 {[#] Black must now prevent Qd4+.} Qxa5 38. Qd4+ Qe5 39. g4 Qf6 40. Kg2 Ra6 41. h4 Ra2 42. Qxf6+ Kxf6 {KR-KR} 43. Rd6+ Kg7 44. g5 (44. Rd5 $16) 44... h5 45. Rd4 Rb2 46. Ra4 Rc2 47. e4 Rc3 48. Ra7 Rc4 49. f3 Rc2+ 50. Kg3 Re2 51. Ra1 Kf8 52. Kf4 ({White should try} 52. Ra4 $16) 52... Rh2 $11 53. Kg3 (53. Rf1 $11) 53... Re2 $16 54. Rh1 Ra2 55. Kf4 Ke7 56. Rb1 Rh2 57. Kg3 $1 Re2 58. Rb8 Re1 59. Rb7+ Ke6 60. Kf2 Rh1 61. Kg2 Re1 62. Rb4 Re2+ 63. Kg3 Ra2 64. Rb3 Re2 65. Rb7 Re1 $1 66. Rb6+ Ke7 67. Rb4 Rg1+ 68. Kf2 Rh1 69. Kg2 Ra1 70. Rb2 Re1 71. Ra2 Ke6 72. Ra6+ Ke7 73. Ra4 Rb1 74. Ra2 Re1 75. Ra8 Re2+ 76. Kg3 Re1 77. Kf4 Rh1 78. Ke5 (78. Ra7+ $16 Ke6 79. Kg3) 78... Rxh4 $11 {The position is equal.} 79. f4 Rg4 $1 80. f5 gxf5 81. Ra7+ Kf8 82. exf5 {[#] aiming for Kf6.} Rb4 83. f6 {Threatening mate with Ra8+.} Rb5+ 84. Kd6 Kg8 85. g6 Rb6+ 86. Ke5 Rb5+ 87. Kd6 {White threatens Ra8+ and mate.} Rb6+ 88. Ke5 {White wants to mate with Ra8+.} Rb5+ {Accuracy: White = 58%, Black = 67%.} 1/2-1/2